Rimas

Saved in:
Bibliographic Details
Main Author: Bécquer, Gustavo Adolfo (Author)
Format: Book
Language:Spanish
Published: Madrid Castalia 1974
Series:Clásicos Castalia, 74
Subjects:
Tags: Add Tag
No Tags, Be the first to tag this record!

MARC

LEADER 00000nam a2200000 a 4500
001 UCQ1349
003 CL-VaPUC
008 980709e19740000SP |||||||||||||||||spa|d
082 0 4 |a 861  |b BEC  |2 21 
100 0 |a Bécquer, Gustavo Adolfo  |e author  |9 317836 
245 1 0 |a Rimas 
300 |a 242 p 
942 |c BK 
945 |d 19980709 00:00:00  |a lriquelm 
260 |a Madrid  |b Castalia  |c 1974 
600 0 7 |a BECQUER, GUSTAVO ADOLFO  |2 CL-VaPUC  |9 317836 
650 0 |a Poesías españolas  |9 265100 
650 0 |a Crítica e interpretación   |9 255042 
650 0 |a Literatura española  |9 306261 
583 |a last modification  |c 19980709 00:00:00  |k Rodrigo Vera 
490 0 |a Clásicos Castalia, 74 
999 |c 272349  |d 272347 
952 |0 0  |1 0  |4 0  |6 861_000000000000000_BEC_1974  |7 0  |8 A  |9 307250  |a BIBEDU  |b BIBEDU  |d 2019-11-20  |i 1434624  |o 861 BEC 1974  |p 1434624  |r 2019-11-20  |w 2019-11-20  |y BK  |k LIT